• 首页
  • 本馆介绍
  • 公告通知
  • 最新文献
  • 馆藏检索
  • 电子资源
  • 读者导购
  • 参考咨询
  • 我的图书馆
  • 登录
  • 详细信息显示
  • 放入我的书架
  • 预约/预借图书
  • 作者相关作品
  • 分类相关作品
  • 丛书相关作品
  • 出版社相关作品

书目信息

  • 表格格式
  • 工作单格式
  • 卡片格式
题名:
长毛兔高效益饲养技术
    
 
作者: 陶岳荣 , 汤银根 , 项海水 编著
分册:  
出版信息: 北京   金盾出版社  2013
页数: 275页, [8] 页图版
开本: 21cm
丛书名:
单 册:
中图分类: S829.14 , S829.1
科图分类:
主题词: 毛用型--兔--饲养管理
电子资源:
ISBN: 978-7-5082-6662-6
000 01029nam0 2200277 450
001 2352626575
005 20231216144037.16
010    @a978-7-5082-6662-6@dCNY18.00
100    @a20140828d2013 em y0chiy50 ea
101 0  @achi
102    @aCN@b110000
105    @aafk z 000yy
200 1  @a长毛兔高效益饲养技术@Achang mao tu gao xiao yi si yang ji shu@f编著陶岳荣 ... [等]
205    @a第3版
210    @a北京@c金盾出版社@d2013
215    @a275页, [8] 页图版@c图@d21cm
304    @a题名页题: 编著陶岳荣, 汤银根, 项海水, 连晓梅, 阮春永, 程菊芬等
330    @a本书内容包括: 长毛兔的发展前景、长毛兔的行为与特性、长毛兔的品种与选育、长毛兔的繁殖技术、长毛兔的饲料与营养、长毛兔饲养管理、兔毛的加工与利用、常见兔病防治、养兔场的建设与管理等。
606 0  @a毛用型@x兔@x饲养管理
690    @aS829.14@v5
690    @aS829.1@v4
701  0 @a陶岳荣@Atao yue rong@4编著
701  0 @a汤银根@Atang yin gen@4编著
701  0 @a项海水@Axiang hai shui@4编著
801  0 @aCN@b湖北三新@c20140828
905    @aZUCC@dS829.1@e128=3
    
    长毛兔高效益饲养技术/编著陶岳荣 ... [等].-第3版.-北京:金盾出版社,2013
    275页, [8] 页图版:图;21cm
    
    
    ISBN 978-7-5082-6662-6:CNY18.00
    本书内容包括: 长毛兔的发展前景、长毛兔的行为与特性、长毛兔的品种与选育、长毛兔的繁殖技术、长毛兔的饲料与营养、长毛兔饲养管理、兔毛的加工与利用、常见兔病防治、养兔场的建设与管理等。
●
相关链接 在五车中查询图书 在当当中查询图书 在豆瓣中查询图书


正题名:长毛兔高效益饲养技术     索取号:S829.1/128=3         预约/预借

序号 登录号 条形码 馆藏地/架位号 状态 备注
1 2001478872   2001478872   411书库/ [索取号:S829.1/128=3] 在馆    
2 2001478873   2001478873   411书库/ [索取号:S829.1/128=3] 在馆    
3 2001478874   2001478874   411书库/ [索取号:S829.1/128=3] 在馆    
4 2001478875   2001478875   411书库/ [索取号:S829.1/128=3] 在馆    
5 2001478876   2001478876   411书库/ [索取号:S829.1/128=3] 在馆    
6 2001478877   2001478877   411书库/ [索取号:S829.1/128=3] 在馆    
7 2001478878   2001478878   411书库/ [索取号:S829.1/128=3] 在馆    
8 2001478879   2001478879   411书库/ [索取号:S829.1/128=3] 在馆    
9 2001478880   2001478880   411书库/ [索取号:S829.1/128=3] 在馆    
10 2001478881   2001478881   411书库/ [索取号:S829.1/128=3] 在馆    
11 2001478882   2001478882   411书库/ [索取号:S829.1/128=3] 在馆    
12 2001478883   2001478883   411书库/ [索取号:S829.1/128=3] 在馆    
13 2001478884   2001478884   411书库/ [索取号:S829.1/128=3] 在馆    
14 2001478885   2001478885   411书库/ [索取号:S829.1/128=3] 在馆    
15 2001478886   2001478886   411书库/ [索取号:S829.1/128=3] 在馆    
16 2001478887   2001478887   411书库/ [索取号:S829.1/128=3] 在馆    
17 2001478888   2001478888   411书库/ [索取号:S829.1/128=3] 在馆    
18 2001478889   2001478889   411书库/ [索取号:S829.1/128=3] 在馆    
19 2001478890   2001478890   411书库/ [索取号:S829.1/128=3] 在馆    
20 2001478891   2001478891   411书库/ [索取号:S829.1/128=3] 在馆    
21 2001478892   2001478892   411书库/ [索取号:S829.1/128=3] 在馆    
22 2001478893   2001478893   411书库/ [索取号:S829.1/128=3] 在馆    
23 2001478894   2001478894   411书库/ [索取号:S829.1/128=3] 在馆    
24 2001478895   2001478895   411书库/ [索取号:S829.1/128=3] 在馆    
25 2001478896   2001478896   411书库/ [索取号:S829.1/128=3] 在馆    
26 2001478897   2001478897   411书库/ [索取号:S829.1/128=3] 在馆    
27 2001478898   2001478898   411书库/ [索取号:S829.1/128=3] 在馆    
28 2001478899   2001478899   411书库/ [索取号:S829.1/128=3] 在馆    
29 2001478900   2001478900   411书库/ [索取号:S829.1/128=3] 在馆    
30 2001478901   2001478901   411书库/ [索取号:S829.1/128=3] 在馆    
山东省滨州职业学院图书馆 欢迎您!
大连网信软件有限公司© 版权所有